| 000 | 00721nam a22002297i 4500 | ||
|---|---|---|---|
| 003 | EG-ScBUE | ||
| 005 | 20230527095639.0 | ||
| 008 | 090610t2007 sp a f 000 0 eng d | ||
| 020 | _a9788495832856 | ||
| 040 |
_aEG-ScBUE _beng _erda _cEG-ScBUE _dEG-ScBUE |
||
| 082 | 0 | 4 |
_222 _a727 _bKIN |
| 245 | 0 | 0 |
_aKindergartens, schools and playgrounds / _ceditors Ana Canizares, Julio Fajardo. |
| 264 | 1 |
_aBarcelona : _bLoft Publications, _c[2007] |
|
| 264 | 4 | _cc2007 | |
| 300 |
_a255 pages : _bcolor illustrations ; _c24 cm |
||
| 336 |
_2rdacontent _atext _btxt |
||
| 337 |
_2rdamedia _aunmediated _bn |
||
| 338 |
_2rdacarrier _avolume _bnc |
||
| 650 | 7 |
_96058 _aSchool buildings. _2BUEsh |
|
| 655 | _vReading book | ||
| 942 |
_2ddc _cBB |
||
| 999 |
_c11801 _d11801 |
||